Score 0/30 Timer 06:00
0 Plays Today
% Correct
Kevin Durant
96.2%
Wilt Chamberlain
96.2%
Andrew Bogut
92.5%
David Lee
86.8%
Andre Iguodala
84.9%
Derek Fisher
84.9%
Zaza Pachulia
84.9%
Chris Webber
84%
Baron Davis
71.7%
Rick Barry
70.8%
Leandro Barbosa
69.8%
Antawn Jamison
66%
Marreese Speights
55.7%
World B. Free
55.7%
Mookie Blaylock
54.7%
% Correct
Donyell Marshall
50.9%
Jerry Lucas
43.4%
John Lucas
43.4%
Erick Dampier
30.2%
Dorrell Wright
28.3%
Brian Cardinal
25.5%
Speedy Claxton
21.7%
Bernard King
17%
Rudy LaRusso
15.1%
C.J. Watson
15.1%
Jeff Mullins
14.2%
Acie Law
12.3%
Jim Barnett
9.4%
Ed Sadowski
4.7%
Paul Neumann
3.8%
Remove Ads.
Support Sporcle.
Get the best of Sporcle when you Go Orange. This ad-free experience offers more features, more stats, and more fun while also helping to support Sporcle. Thank you for becoming a member.

You're not logged in!

Compare scores with friends on all Sporcle quizzes.
OR
Log In

Show Comments

Extras

Top Quizzes Today


Score Distribution

Your Account Isn't Verified!

In order to create a playlist on Sporcle, you need to verify the email address you used during registration. Go to your Sporcle Settings to finish the process.

Report this User

Report this user for behavior that violates our Community Guidelines.

Details: